000 00464nam a22001937a 4500
003 MPLRDC
005 20220105061118.0
008 210129b ||||| |||| 00| 0 eng d
020 _a7-5075-1683-0
082 _a857.623 HD
100 _a海地
245 _a不夜城
_c
250 _a初版一刷
260 _a中国
_b华文出版社
_c2005
300 _b
520 _a上架 2017-07-06。
650 _a中国灵异小说
942 _cBK
_o857.623 HD
999 _c68967
_d68957